Toutes les gares ferroviaires de l'Allier - Statistiques

Statistiques générales
  • Ce quiz a été pris 31 fois
    10 depuis la dernière actualisation
  • Le résultat moyen est 10 sur 20
Statistiques - réponses
Fréquentation annuelle Nom de la gare % Correct
1 493 902 Vichy
100%
109 615 Commentry
78%
95 964 Gannat
78%
847 526 Moulins-sur-Allier
78%
188 743 St Germain des Fossés
67%
123 083 Varennes-sur-Allier
67%
19 060 Bessay
56%
198 Huriel
56%
9 674 Bellenaves
44%
30 La Ville-Gozet
44%
6 617 Montluçon-Rimard
44%
268 492 Montluçon-Ville
44%
10 782 St Bonnet de Rochefort
44%
18 949 Vallon en Sully
44%
19 081 Dompierre Sept Fons
33%
4 967 Louroux-de-Bouble
33%
441 Villeneuve-sur-Allier
33%
1 176 Magnette
22%
533 Trillers
22%
2 671 Urçay
22%
Aucun quiz correspondant
Distribution des résultats
% des personnes avec chaque résultat
Percentile par nombre de réponses
Votre historique - résultats
Vous n’avez pas pris ce quiz depuis la dernière actualisation